| 000 | 00788nam a22002177a 4500 | ||
|---|---|---|---|
| 999 |
_c5318 _d5318 |
||
| 003 | AR-CdUCM | ||
| 008 | 190312b ||||| |||| 00| 0 spa d | ||
| 040 |
_aMUNICIPALIDAD PROVINCIAL DEL CUSCO _cBIBLIOTECA MUNICIPAL DEL CUSCO |
||
| 082 |
_a869.56 / _bP22 |
||
| 100 |
_aParedes, Luis Felipe _916077 |
||
| 245 | _aEl montonero y otros cuentos / | ||
| 260 |
_aCuzco : _bGarcilaso, _c1958. |
||
| 300 |
_a96 paginas ; _c17 cm. |
||
| 500 | _aDonación familia Nieto | ||
| 505 | _aContenido :Advertencia al lector --El montonero --El chocolate de Don Manuel --El filtro -- Como hace treinta años --La niña y la culebra --La tragedia de Don Rudecindo... | ||
| 650 |
_aLiteratura peruana _9169 |
||
| 650 |
_aSiglo XX _98 |
||
| 650 |
_aCuentos _9217 |
||
| 942 |
_2ddc _cLIBROS |
||
| 945 | _arjall | ||